Top 50 Cities of South America - Map Quiz - Statistics

General Stats
  • This quiz has been taken 168 times
  • The average score is 28 of 50
Answers on the Map
Answers color-coded by a green-red scale on the quiz's map according to % correct below.
 
Answer Stats
Answer % Correct
Buenos Aires
89%
Asunción
84%
Lima
83%
Bogotá
81%
Brasília
81%
Rio de Janeiro
79%
Santiago
79%
Manaus
78%
Quito
78%
Caracas
77%
La Paz
77%
Montevideo
77%
Cali
75%
Belo Horizonte
74%
Guayaquil
73%
Maracaibo
70%
Medellín
69%
Salvador
69%
Rosário
68%
Córdoba
67%
Belém
65%
Barranquilla
64%
Porto Alegre
64%
Santa Cruz de la Sierra
64%
Fortaleza
62%
São Paulo
60%
Goiânia
58%
Recife
58%
Curitiba
56%
Valparaíso
49%
Cartagena
48%
Arequipa
47%
Natal
47%
Trujillo
46%
Cochabamba
44%
Concepción
44%
San Miguel de Tucumán
40%
Mendoza
38%
Campinas
36%
Teresina
35%
Bucaramanga
31%
Valencia
31%
Florianópolis
28%
São Luís
28%
Barquisimeto
26%
Vitória
26%
Maracay
22%
Santos
19%
Maceió
17%
João Pessoa
11%
No matching quizzes found
Score Distribution
Percent of People with Each Score
Percentile by Number Answered
Your Score History
You have not taken this quiz